The priming effect of family obligation on filipino students academic performance/ (Record no. 361468)
[ view plain ]
| 000 -LEADER | |
|---|---|
| fixed length control field | 00687nam a2200181Ia 4500 |
| 008 - FIXED-LENGTH DATA ELEMENTS--GENERAL INFORMATION | |
| fixed length control field | 190422s9999 xx 000 0 und d |
| 100 ## - MAIN ENTRY--PERSONAL NAME | |
| Personal name | Retuya, Claudine O |
| 245 #4 - TITLE STATEMENT | |
| Title | The priming effect of family obligation on filipino students academic performance/ |
| 245 ## - TITLE STATEMENT | |
| Statement of responsibility, etc | Claudine O. Retuya, Desiree Mae S. Ceniza, Jhamelyn M. Lara, Sheena Grace A. Tare and Khael T. Quinain.-- |
| 260 ## - PUBLICATION, DISTRIBUTION, ETC. (IMPRINT) | |
| Name of publisher, distributor, etc | Psychological Association of the Philippines |
| 260 ## - PUBLICATION, DISTRIBUTION, ETC. (IMPRINT) | |
| Date of publication, distribution, etc | 2017 |
| 300 ## - PHYSICAL DESCRIPTION | |
| Extent | pages 159-173, December 2017 |
| 440 ## - SERIES STATEMENT/ADDED ENTRY--TITLE | |
| Title | Philippine Journal of Psychology |
| Volume number/sequential designation | 50(2) |
| 650 ## - SUBJECT ADDED ENTRY--TOPICAL TERM | |
| Topical term or geographic name as entry element | Academic Performance |
| 650 ## - SUBJECT ADDED ENTRY--TOPICAL TERM | |
| Topical term or geographic name as entry element | Family Obligation |
| 650 ## - SUBJECT ADDED ENTRY--TOPICAL TERM | |
| Topical term or geographic name as entry element | Filipino Students |
| 650 ## - SUBJECT ADDED ENTRY--TOPICAL TERM | |
| Topical term or geographic name as entry element | Goal Orientation |
No items available.